Ulice Krosna - Statystyki

Ogólne statystyki
  • Ten quiz został rozwiązany 49 razy
  • Średni wynik to 26 z 201
Statystyki odpowiedzi
Ulica % Poprawnych
Adama Mickiewicza
69%
Krakowska
66%
Rzeszowska
62%
Józefa Piłsudskiego
45%
Jana Pawła II
41%
Juliusza Słowackiego
41%
Rynek
41%
Długa
38%
Fryderyka Chopina
34%
Krótka
34%
Polna
34%
Wojska Polskiego
34%
Bieszczadzka
31%
Bolesława Prusa
31%
Kardynała Stefana Wyszyńskiego
31%
Legionów
31%
Lwowska
31%
Podkarpacka
31%
Bolesława Chrobrego
28%
Generała Stanisława Maczka
28%
Generała Władysława Sikorskiego
28%
Kręta
28%
Mikołaja Kopernika
28%
Słoneczna
28%
Aleksandra Fredry
24%
Armii Krajowej
24%
Bohaterów Westerplatte
24%
Henryka Sienkiewicza
24%
Ignacego Jana Paderewskiego
24%
Ignacego Łukasiewicza
24%
Kolejowa
24%
Księdza Jerzego Popiełuszki
24%
Niepodległości
24%
Podwale
24%
Tadeusza Kościuszki
24%
Władysława Reymonta
24%
Adama Asnyka
21%
Dębowa
21%
Hutnicza
21%
Korczyńska
21%
Leśna
21%
Powstańców Śląskich
21%
Wiejska
21%
Wincentego Pola
21%
Wincentego Witosa
21%
Zielona
21%
Zręcińska
21%
Batalionów Chłopskich
17%
Białobrzeska
17%
Generała Józefa Hallera
17%
Grodzka
17%
Guzikówka
17%
Jagiellońska
17%
Jana Kochanowskiego
17%
Jasna
17%
Krzywa
17%
Księdza Piotra Skargi
17%
Kwiatowa
17%
Mała
17%
Marii Konopnickiej
17%
Mikołaja Reja
17%
Odrzykońska
17%
Różana
17%
Stanisława Wyspiańskiego
17%
Tysiąclecia
17%
Bursaki
14%
Cicha
14%
Cmentarna
14%
Feliksa Czajkowskiego
14%
Franciszka Żwirki i Stanisława Wigury
14%
Generała Józefa Bema
14%
Generała Władysława Andersa
14%
Grunwaldzka
14%
Handlowa
14%
Hetmana Stanisława Żółkiewskiego
14%
Krzysztofa Kamila Baczyńskiego
14%
Marii Skłodowskiej-Curie
14%
Mostowa
14%
Naftowa
14%
Parkowa
14%
Piękna
14%
Powstańców Warszawskich
14%
Romualda Mielczarskiego
14%
Romualda Traugutta
14%
Stefana Batorego
14%
Tkacka
14%
Wolności
14%
Franciszkańska
10%
Graniczna
10%
Jana i Stanisława Magurów
10%
Jesionowa
10%
Joachima Lelewela
10%
Kapucyńska
10%
Kazimierza Wielkiego
10%
Księdza Stanisława Staszica
10%
Łąkowa
10%
Ogrodowa
10%
Opłotki
10%
Piastowska
10%
Seweryna Bieszczada
10%
Skrajna
10%
Spokojna
10%
Sportowa
10%
Stanisława Moniuszki
10%
Stanisława Pigonia
10%
Stefana Okrzei
10%
Suchodolska
10%
Szarych Szeregów
10%
Wierzbowa
10%
Wisłocza
10%
Wspólna
10%
Balkonowa
7%
Dywizjonu 303
7%
Emilii Plater
7%
Henryka Wieniawskiego
7%
Józefa Czuchry
7%
Kazimierza Pużaka
7%
Kletówki
7%
Klonowa
7%
Konstantego Ildefonsa Gałczyńskiego
7%
Kopalniana
7%
Księdza Franciszka Kojdera
7%
Księdza Stanisława Decowskiego
7%
Lotników
7%
Mieczysława Karłowicza
7%
Nad Badoniem
7%
Oficerska
7%
Pawła z Krosna
7%
Platynowa
7%
Prochownia
7%
Profesora Doktora Jerzego Dmochowskiego
7%
Prządki
7%
Sąsiedzka
7%
Składowa
7%
Stanisława Bergmana
7%
Stefana Żeromskiego
7%
Świętego Wojciecha
7%
Teodora Walslebena
7%
Wyzwolenia
7%
Żniwna
7%
Żwirowa
7%
Adama Jana Ostaszewskiego
3%
Andrzeja Lenika
3%
Augusta i Dionizego Mazurkiewiczów
3%
Blich
3%
Forteczna
3%
Generała Leopolda Okulickiego
3%
Ikara
3%
Jana Kilińskiego
3%
Jana Lenarta
3%
Jana Szczepanika
3%
Jędrzeja Krukierka
3%
Jeleniówka
3%
Kazimierza Człowiekowskiego
3%
Kryształowa
3%
Księdza Stanisława Szpetnara
3%
Księdza Władysława Sarny
3%
Lniarska
3%
Lunaria
3%
Malinowa Góra
3%
Michała Drzymały
3%
Michała Mięsowicza
3%
Mirandoli Pika
3%
Nad Lubatówką
3%
Olejarska
3%
Ordynacka
3%
Piesza
3%
Plac Konstytucji 3 Maja
3%
Pochyła
3%
Podchorążych
3%
Seweryna Goszczyńskiego
3%
Spacerowa
3%
Stefana Kisielewskiego
3%
Szklarska
3%
Walerego Wróblewskiego
3%
Willowa
3%
Wisze
3%
Zagórze
3%
Zaścianek
3%
Debrza
0%
Elizy Orzeszkowej
0%
Franciszka Wójtowicza
0%
Generała Ludomiła Rayskiego
0%
Generała Ryszarda Kuklińskiego
0%
Jana Stapińskiego
0%
Jaworowa
0%
Kapitana Stanisława Betleja
0%
Księdza Jana Zawrzyckiego
0%
Księdza Piotra Ściegiennego
0%
Mariana Langiewicza
0%
Mariana Szuby
0%
Modesta Humieckiego
0%
Nadbrzeżna
0%
Piotra Tebicha
0%
Prezydenta Ryszarda Kaczorowskiego
0%
Ślączka
0%
Stanisława Konarskiego
0%
Tytusa Trzecieskiego
0%
Wiklinowa
0%
Wojciecha Roberta Portiusa
0%
Zjazdowa
0%
Nie znaleziono quizów pasujących do podanych kryteriów
Rozkład punktacji
Procent ludzi z każdym wynikiem
Percentyl według liczby udzielonych odpowiedzi
Twoja historia wyników
Nie rozwiązałeś tego quizu